[Event "Hammersmith CC op U2000"]
[Site "London"]
[Date "2022.06.04"]
[Round "2"]
[White "Bland, David"]
[Black "Holland, Lyn"]
[Result "1-0"]
[WhiteElo "1974"]
[BlackElo "1684"]
[PlyCount "89"]
[EventDate "2022.06.04"]
[EventType "swiss"]
[EventRounds "5"]
[EventCountry "ENG"]
[SourceTitle "CBM 208 Extra"]
[Source "ChessBase"]
[SourceDate "2022.07.31"]
[SourceVersion "1"]
[SourceVersionDate "2022.07.31"]
[SourceQuality "1"]

1. d4 d5 2. Nf3 Nf6 3. e3 Bf5 4. c4 e6 5. Nc3 c6 6. Qb3 Qc7 7. Be2 Be7 8. 0-0 0-0 9. Bd2 Nbd7 10. Rac1 Rfe8 11. cxd5 exd5 12. Nxd5 Nxd5 13. Qxd5 Be6 14. Qa5 Qxa5 15. Bxa5 Bxa2 16. Nd2 Nf6 17. b3 b6 18. Ra1 bxa5 19. Rxa2 Bb4 20. Nc4 Ne4 21. Bf3 Nc3 22. Rc2 Rac8 23. Rfc1 a4 24. bxa4 Nxa4 25. Ra2 Nc3 26. Rxa7 Nd5 27. g3 Ra8 28. Rca1 Rab8 29. Ne5 Ne7 30. Bxc6 Rec8 31. Be4 f6 32. Nd3 Bd6 33. Rd7 Rd8 34. Raa7 Kf8 35. Rxd8+ Rxd8 36. Ra8 Rxa8 37. Bxa8 Nc8 38. Kg2 Nb6 39. Bc6 Ke7 40. Kf3 Ke6 41. Nf4+ Ke7 42. h4 Nc4 43. Nd5+ Ke6 44. Nc3 f5 45. Bd5+ 1-0

[Event "Brno Duras BVK op-A"]
[Site "Brno"]
[Date "2004.07.03"]
[Round "1"]
[White "Nehybka, Jiri"]
[Black "Bland, David"]
[Result "1-0"]
[WhiteElo "2201"]
[BlackElo "2001"]
[PlyCount "59"]
[EventDate "2004.07.??"]
[EventType "swiss"]
[EventRounds "9"]
[EventCountry "CZE"]
[SourceTitle "EXT 2005"]
[Source "ChessBase"]
[SourceDate "2004.11.15"]
[SourceVersion "1"]
[SourceVersionDate "2004.11.15"]
[SourceQuality "1"]

1. e4 c6 2. Nc3 d5 3. Nf3 dxe4 4. Nxe4 Nf6 5. Nxf6+ gxf6 6. d4 Bf5 7. Bd3 e6 8. 0-0 Bg4 9. Be2 Bd6 10. Nd2 h5 11. h3 Bxe2 12. Qxe2 Nd7 13. c4 Qc7 14. Ne4 0-0-0 15. Rd1 Bf4 16. Qf3 Bxc1 17. Raxc1 f5 18. Nc3 Kb8 19. b4 Nb6 20. b5 c5 21. Ne2 h4 22. a4 cxd4 23. a5 Nd7 24. Nxd4 Nc5 25. b6 axb6 26. axb6 Qxb6 27. Rb1 Qxb1 28. Rxb1 Rxd4 29. Qe3 Rxc4 30. Qe5+ 1-0

[Event "BCF-chT3 0304 (4NCL)"]
[Site "West Bromwich"]
[Date "2004.05.31"]
[Round "9.5"]
[White "Bland, David"]
[Black "Smart, Michael R"]
[Result "1/2-1/2"]
[WhiteElo "2006"]
[BlackElo "1936"]
[PlyCount "37"]
[EventDate "2003.11.23"]
[EventType "team"]
[EventRounds "11"]
[EventCountry "ENG"]
[SourceTitle "EXT 2005"]
[Source "ChessBase"]
[SourceDate "2004.11.15"]
[SourceVersion "1"]
[SourceVersionDate "2004.11.15"]
[SourceQuality "1"]
[WhiteTeam "South County Stars"]
[BlackTeam "Guildford III"]
[WhiteTeamCountry "ENG"]
[BlackTeamCountry "ENG"]

1. e4 Nf6 2. Nc3 d5 3. exd5 Nxd5 4. Bc4 Nb6 5. Bb3 Nc6 6. Nf3 Bf5 7. 0-0 e6 8. Re1 Be7 9. Ne4 Na5 10. d3 Nxb3 11. axb3 0-0 12. Qe2 Nd5 13. Ng3 Bg4 14. Bd2 c6 15. Ra4 Nf6 16. Rea1 a6 17. Bg5 Bxf3 18. Qxf3 Qd5 19. Ne4 1/2-1/2

[Event "BCF-chT3 0304 (4NCL)"]
[Site "West Bromwich"]
[Date "2004.05.30"]
[Round "8.5"]
[White "Bland, David"]
[Black "Elwin, Adrian G"]
[Result "1/2-1/2"]
[WhiteElo "2006"]
[BlackElo "2066"]
[PlyCount "87"]
[EventDate "2003.11.23"]
[EventType "team"]
[EventRounds "11"]
[EventCountry "ENG"]
[SourceTitle "EXT 2005"]
[Source "ChessBase"]
[SourceDate "2004.11.15"]
[SourceVersion "1"]
[SourceVersionDate "2004.11.15"]
[SourceQuality "1"]
[WhiteTeam "South County Stars"]
[BlackTeam "FCA Solutions"]
[WhiteTeamCountry "ENG"]
[BlackTeamCountry "ENG"]

1. e4 c6 2. d4 d5 3. Nd2 dxe4 4. Nxe4 Nf6 5. Nxf6+ gxf6 6. c3 Bf5 7. Nf3 e6 8. g3 Bd6 9. Bg2 Nd7 10. 0-0 Bg4 11. Qd3 Qe7 12. Nh4 Nf8 13. Bxc6+ bxc6 14. Qe4 Qc7 15. Qxg4 Ng6 16. Qe4 0-0-0 17. Nxg6 hxg6 18. f4 Rh3 19. Be3 Rdh8 20. Rf2 g5 21. Re1 Kd7 22. Qf3 f5 23. Rg2 g4 24. Qd1 Qa5 25. a4 Qd5 26. Qc2 Qf3 27. Qe2 Qd5 28. b4 Qb3 29. Qc2 Qc4 30. Rc1 Rb8 31. Qe2 Qb3 32. Qa6 Rhh8 33. a5 Rhc8 34. Qe2 Rc7 35. Qc2 Qc4 36. Rd2 Qd5 37. Re1 Qf3 38. Rf2 Qd5 39. Bc1 Qc4 40. Be3 Rcb7 41. Rd2 Kc7 42. Qd3 Qb3 43. Rb1 Qa3 44. Qc4 1/2-1/2

[Event "BCF-chT3 0304 (4NCL)"]
[Site "West Bromwich"]
[Date "2004.05.29"]
[Round "7.5"]
[White "Djabri, Katherine"]
[Black "Bland, David"]
[Result "1/2-1/2"]
[WhiteElo "2042"]
[BlackElo "2006"]
[PlyCount "39"]
[EventDate "2003.11.23"]
[EventType "team"]
[EventRounds "11"]
[EventCountry "ENG"]
[SourceTitle "EXT 2005"]
[Source "ChessBase"]
[SourceDate "2004.11.15"]
[SourceVersion "1"]
[SourceVersionDate "2004.11.15"]
[SourceQuality "1"]
[WhiteTeam "Bristol II"]
[BlackTeam "South County Stars"]
[WhiteTeamCountry "ENG"]
[BlackTeamCountry "ENG"]

1. e4 c6 2. d4 d5 3. exd5 cxd5 4. c4 Nf6 5. Nc3 Nc6 6. Nf3 Bg4 7. Be3 e6 8. Be2 dxc4 9. Qa4 Qa5 10. Qxc4 Bb4 11. 0-0 0-0 12. a3 Bxc3 13. Qxc3 Nd5 14. Qb3 Rfc8 15. Rac1 Qb6 16. Qc2 Nce7 17. Qd2 Rxc1 18. Rxc1 Rc8 19. h3 Bxf3 20. Bxf3 1/2-1/2

[Event "Internet Section 07A g/8'+2\""]
[Site "Dos Hermanas"]
[Date "2004.03.07"]
[Round "8"]
[White "Bland, David"]
[Black "Garavito, Miguel Angel"]
[Result "1-0"]
[WhiteElo "2006"]
[BlackElo "2069"]
[PlyCount "105"]
[EventDate "2004.03.07"]
[EventType "swiss (blitz)"]
[EventRounds "9"]
[EventCountry "ESP"]
[SourceTitle "CBM 099 Extra"]
[Source "ChessBase"]
[SourceDate "2004.05.04"]
[SourceVersion "1"]
[SourceVersionDate "2004.05.04"]
[SourceQuality "1"]

1. d4 d5 2. Nf3 Nf6 3. c4 c6 4. Nc3 g6 5. cxd5 Nxd5 6. e4 Nxc3 7. bxc3 Bg7 8. Bc4 0-0 9. 0-0 c5 10. Be3 cxd4 11. cxd4 Nc6 12. Rb1 Na5 13. Be2 b6 14. Ne5 Bb7 15. f3 e6 16. Qa4 Qd6 17. Rfd1 Nc6 18. Nc4 Qe7 19. Rbc1 Rfd8 20. e5 Nb4 21. Nd6 Nd5 22. Nxb7 Qxb7 23. Bg5 Ne7 24. Ba6 Qd7 25. Qxd7 Rxd7 26. Bb5 Rb7 27. Kf2 h6 28. Be3 Rd8 29. g3 Kh7 30. Rd2 Nd5 31. Rdc2 Nb4 32. Rc7 Rdb8 33. a4 a6 34. Be2 b5 35. Rxb7 Rxb7 36. axb5 axb5 37. Rc5 Bf8 38. Rxb5 Rc7 39. Rb8 Be7 40. f4 Rd7 41. Bb5 Rc7 42. Kf3 Nd5 43. Bf2 Rc3+ 44. Kg2 Rc2 45. Ba4 Rc3 46. Rb7 Kg7 47. Bb3 Nc7 48. Be1 Rc6 49. Ba4 Rc4 50. Bb3 Rc6 51. Ba5 Bd8 52. Rb8 Be7 53. Rc8 1-0

[Event "Internet Section 06A g/8'+2\""]
[Site "Dos Hermanas"]
[Date "2004.03.06"]
[Round "8"]
[White "Bland, David"]
[Black "Ell, Mariano"]
[Result "1-0"]
[WhiteElo "2199"]
[BlackElo "2125"]
[PlyCount "101"]
[EventDate "2004.03.06"]
[EventType "swiss (blitz)"]
[EventRounds "9"]
[EventCountry "ESP"]
[SourceTitle "CBM 099 Extra"]
[Source "ChessBase"]
[SourceDate "2004.05.04"]
[SourceVersion "1"]
[SourceVersionDate "2004.05.04"]
[SourceQuality "1"]

1. d4 Nf6 2. Nf3 c5 3. e3 g6 4. dxc5 Qa5+ 5. c3 Qxc5 6. Be2 Bg7 7. 0-0 0-0 8. Nbd2 d6 9. Nb3 Qc7 10. Nbd4 Nc6 11. Nxc6 bxc6 12. Qa4 Bd7 13. Bd2 Rfb8 14. b3 Nd5 15. Rac1 Rd8 16. e4 Nb6 17. Qa3 c5 18. c4 Bc6 19. Bd3 Nd7 20. Ba5 Nb6 21. Bd2 Qb7 22. Rfe1 Nd7 23. Ng5 Ne5 24. Bc2 h6 25. Nh3 Bd7 26. Nf4 e6 27. h3 Rab8 28. Ba5 Re8 29. Bd2 Nc6 30. Rcd1 Nd4 31. Bd3 Bc6 32. Ne2 Qe7 33. Nxd4 Bxd4 34. Bxh6 Rb7 35. Be3 Bc3 36. Re2 Qh4 37. Qc1 Bf6 38. Bf4 e5 39. Bg3 Qh5 40. Ree1 Kg7 41. Be2 Qh7 42. Rxd6 Bxe4 43. Qe3 Bf5 44. Qxc5 Rbe7 45. Bf3 e4 46. Rxf6 Kxf6 47. Qd4+ Kg5 48. h4+ Kh6 49. Bf4+ g5 50. Bxg5+ Kg6 51. Qf6# 1-0

[Event "BCF-chT3 0304 (4NCL)"]
[Site "West Bromwich"]
[Date "2004.01.24"]
[Round "3.4"]
[White "Brown, Alan M"]
[Black "Bland, David"]
[Result "1-0"]
[WhiteElo "2113"]
[BlackElo "2006"]
[PlyCount "123"]
[EventDate "2003.11.23"]
[EventType "team"]
[EventRounds "11"]
[EventCountry "ENG"]
[SourceTitle "EXT 2005"]
[Source "ChessBase"]
[SourceDate "2004.11.15"]
[SourceVersion "1"]
[SourceVersionDate "2004.11.15"]
[SourceQuality "1"]
[WhiteTeam "SW Dragons II"]
[BlackTeam "South County Stars"]
[WhiteTeamCountry "ENG"]
[BlackTeamCountry "ENG"]

1. d4 d5 2. Nf3 c6 3. c4 Nf6 4. cxd5 cxd5 5. Nc3 Nc6 6. Bf4 a6 7. e3 Bg4 8. Be2 e6 9. 0-0 Be7 10. Rc1 Nh5 11. Bg3 Nxg3 12. hxg3 0-0 13. Na4 Rc8 14. Nc5 Bxc5 15. Rxc5 Qb6 16. Qc1 Ne7 17. Qc3 Bxf3 18. gxf3 Rxc5 19. dxc5 Qc7 20. Rc1 Rc8 21. f4 f6 22. Rc2 Nc6 23. Bf3 Rd8 24. Rd2 Qa5 25. Qxa5 Nxa5 26. f5 Kf7 27. fxe6+ Kxe6 28. Be2 Nc6 29. Kf1 g6 30. Bd1 Ke5 31. Ba4 f5 32. Ke2 Rc8 33. f4+ Ke6 34. Bb3 Rd8 35. a3 Ne7 36. Ba2 Rc8 37. b4 a5 38. Bb3 axb4 39. axb4 Ra8 40. Kd3 Ra1 41. Rd1 Ra8 42. Kc3 h6 43. Rh1 h5 44. Rd1 Ra3 45. b5 Ra8 46. Kb4 Ra7 47. Ba4 d4 48. Bb3+ Nd5+ 49. Bxd5+ Kxd5 50. Rxd4+ Ke6 51. Rd6+ Kf7 52. Rd7+ Ke6 53. c6 Ra1 54. Rxb7 Re1 55. Rb8 Kd6 56. Rd8+ Kc7 57. Rd7+ Kc8 58. b6 Rb1+ 59. Kc5 Rc1+ 60. Kd6 Rc3 61. b7+ Kb8 62. Rd8+ 1-0

[Event "BCF-chT3 0203 (4NCL)"]
[Site "West Bromwich"]
[Date "2003.04.13"]
[Round "8.6"]
[White "Bland, David"]
[Black "Humphreys, Jerry"]
[Result "0-1"]
[WhiteElo "1712"]
[BlackElo "2066"]
[PlyCount "66"]
[EventDate "2002.11.??"]
[EventType "team"]
[EventRounds "11"]
[EventCountry "ENG"]
[SourceTitle "EXT 2004"]
[Source "ChessBase"]
[SourceDate "2003.11.25"]
[SourceVersion "1"]
[SourceVersionDate "2003.11.25"]
[SourceQuality "1"]
[WhiteTeam "South County Stars"]
[BlackTeam "Bristol II"]
[WhiteTeamCountry "ENG"]
[BlackTeamCountry "ENG"]

1. d4 Nf6 2. Nf3 g6 3. Nc3 d5 4. Bf4 Bg7 5. e3 0-0 6. Be2 Bg4 7. h3 Bxf3 8. Bxf3 e6 9. Nb5 Ne8 10. c4 c6 11. Nc3 dxc4 12. Qe2 Nd7 13. Qxc4 e5 14. dxe5 Nxe5 15. Bxe5 Bxe5 16. 0-0 Nd6 17. Qb3 Qh4 18. Qa4 Qxa4 19. Nxa4 Nc4 20. Nc5 Bxb2 21. Rab1 Ba3 22. Nd7 Rfd8 23. Rxb7 Na5 24. Rfb1 Nxb7 25. Rxb7 Bd6 26. e4 Rac8 27. Bg4 Rc7 28. Nc5 Re7 29. Rxe7 Bxe7 30. Nb3 Bb4 31. Be2 a5 32. a4 Bc3 33. g3 Rb8 0-1

[Event "BCF-chT3 0203 (4NCL)"]
[Site "West Bromwich"]
[Date "2003.04.12"]
[Round "7.6"]
[White "Kendall, Paul SN"]
[Black "Bland, David"]
[Result "1/2-1/2"]
[WhiteElo "1944"]
[BlackElo "1712"]
[PlyCount "80"]
[EventDate "2002.11.??"]
[EventType "team"]
[EventRounds "11"]
[EventCountry "ENG"]
[SourceTitle "EXT 2004"]
[Source "ChessBase"]
[SourceDate "2003.11.25"]
[SourceVersion "1"]
[SourceVersionDate "2003.11.25"]
[SourceQuality "1"]
[WhiteTeam "Milton Keynes"]
[BlackTeam "South County Stars"]
[WhiteTeamCountry "ENG"]
[BlackTeamCountry "ENG"]

1. e4 c5 2. Nf3 d6 3. Bb5+ Bd7 4. Bxd7+ Qxd7 5. c4 Nc6 6. 0-0 Nf6 7. Nc3 g6 8. a3 Bg7 9. Rb1 0-0 10. h3 Qe6 11. d3 Ne8 12. Ne2 a6 13. b4 cxb4 14. axb4 b5 15. Nf4 Qd7 16. Qc2 e6 17. Be3 Ne5 18. Nxe5 dxe5 19. Ne2 Nc7 20. Rfd1 Qc6 21. Nc1 bxc4 22. Nb3 Nb5 23. Na5 Qc7 24. Nxc4 Nd4 25. Qb2 Rfd8 26. Rbc1 Qe7 27. Na5 Rdc8 28. Rc4 Rxc4 29. dxc4 Qh4 30. f3 Rd8 31. Rc1 Qg3 32. Qf2 Qxf2+ 33. Kxf2 Rc8 34. c5 Bf8 35. Nc4 Nc6 36. Rb1 Rb8 37. Nb6 Be7 38. Bd2 f6 39. Ra1 a5 40. bxa5 Bxc5+ 1/2-1/2